Kraje, do których da się dojechać bezpośrednio pociągiem z Polski - Statystyki

Ogólne statystyki
  • Ten quiz został rozwiązany 371 razy
    39 od ostatniego zresetowania
  • Średni wynik to 7 z 7
Statystyki odpowiedzi
Kraj % Poprawnych
Czechy
100%
Niemcy
100%
Słowacja
97%
Litwa
95%
Węgry
92%
Ukraina
89%
Austria
86%
Nie znaleziono quizów pasujących do podanych kryteriów
Rozkład punktacji
Procent ludzi z każdym wynikiem
Percentyl według liczby udzielonych odpowiedzi
Twoja historia wyników
Nie rozwiązałeś tego quizu od ostatniego zresetowania